000 00465nam a2200169 i 4500
001 51107
003 ES-MaACL
005 20230906162312.0
007 t|
008 030811s1964 sp ||||1| cat d
100 1 _aCutchet Moreu, Salvador.
_942286
245 1 3 _aLa collita resplendent /
_cSalvador Curchet Moreu.
250 _a[1ยช ed.].
260 _aBarcelona :
_bTorrell de Reus,
_c1964.
300 _a74 p. ;
_c18 cm.
852 _aES-MaACL
_jC-26104
_bR.54143
999 _c51107
_d51107